000 00687nam a2200181 a 4500
008 060424s1991 ||||||||||||||||| || u
020 _a0865431809
020 _a0865431817
050 _aRA 778 Wom
100 _aTurshen, Meredeth, 1938-
245 1 0 _aWomen and health in Africa /
_cedited by Meredeth Turshen
260 _aTrenton, N.J. :
_bAfrica World Press
_c1991
300 _avi, 250 p.
350 _a0.00
500 _aIncludes bibliographical references (p. [225]-241) 
650 _aWOMEN--HEALTH AND HYGIENE--AFRICA
995 _D0.00
_FCBU-MAIN LIBRARY (Kitwe)
_H1
_I49.95
_UAVAILABLE
_ZAnnex Low-Usage Collection
999 _c61831
_d61831